000 00525pab a2200193 454500
008 180718b1959 xxu||||| |||| 00| 0 eng d
100 _aBradley, Phillips
245 _aPotentials for public-administration research in India
260 _c1959
300 _ap.163-173.
362 _aApr-Jun
650 _aResearch - India
650 _aPublic administration - India
650 _aResearch
650 _aPublic administration
773 _aIndian Journal of Public Administration
908 _aN
909 _a100546
999 _c100545
_d100545